Christianity and private law (Registro nro. 22151)
[ vista simple ]
| 000 -Cabecera | |
|---|---|
| Campo de control interno | 01092nam a22002657a 4500 |
| 005 - Fecha y hora del registro | |
| control field | 20260401103154.0 |
| 008 - Elementos de Longitud Fija | |
| fixed length control field | 260330b |||||||| |||| 00| 0 spa d |
| 020 ## - ISBN | |
| ISBN | 9780367627775 |
| 041 ## - Idioma | |
| Codigo Idioma | Inglés |
| 082 ## - DEWEY y NOTACIÓN INTERNA | |
| Dewey | 241.2 |
| Notación Interna | C262 |
| 100 ## - AUTOR | |
| Autor denominación | Cochran, Robert F. |
| Término de relación | editor |
| 245 ## - TÍTULO DE MATERIAL BIBLIOGRÁFICO | |
| Título | Christianity and private law |
| 260 ## - CIUDAD, EDITORIAL, AÑO | |
| Ciudad | New York : |
| Nombre de la Editorial | Routledge, |
| Año | 2021 |
| 300 ## - DESCRIPCIÓN | |
| N° Páginas | xii, 317 páginas : |
| Otros detalles | tablas ; |
| Dimensiones | 24 cm. |
| 440 ## - MENCIÓN DE SERIE | |
| Título de la Serie | ; |
| 650 ## - TEMAS | |
| Temas | Religión |
| 653 ## - DESCRIPTORES | |
| Lenguajes no controlado | Cristianismo y derecho; Religión y derecho; Cristianismo - Filosofía; Derecho civil |
| 654 ## - PROGRAMAS | |
| Programa | Dpto. de Humanidades |
| 700 ## - OTROS AUTORES | |
| Otros autores | Moreland, Michael P. |
| Termino Relacionado | editor |
| 856 ## - URL - UBICACIÓN | |
| URI/URL: Enlace exacto del recurso | <a href="https://0u20fux0w-y-https-research-ebsco-com.itmsp.museknowledge.com/c/qxo6us/search">https://0u20fux0w-y-https-research-ebsco-com.itmsp.museknowledge.com/c/qxo6us/search</a> |
| Nota pública: Versión digital | <a href="Véase además: Base de datos EBSCOhost">Véase además: Base de datos EBSCOhost</a> |
| 856 ## - URL - UBICACIÓN | |
| URI/URL: Enlace exacto del recurso | <a href="https://0u20vux13-y-https-ebookcentral-proquest-com.itmsp.museknowledge.com/lib/catolicasp/home.action">https://0u20vux13-y-https-ebookcentral-proquest-com.itmsp.museknowledge.com/lib/catolicasp/home.action</a> |
| Nota pública: Versión digital | <a href="Véase además: Base de datos ProQuest Ebook Central">Véase además: Base de datos ProQuest Ebook Central</a> |
| 856 ## - URL - UBICACIÓN | |
| URI/URL: Enlace exacto del recurso | <a href="https://0u20jux0z-y-https-www-jstor-org.itmsp.museknowledge.com/">https://0u20jux0z-y-https-www-jstor-org.itmsp.museknowledge.com/</a> |
| Nota pública: Versión digital | <a href="Véase además: Base de datos JSTOR">Véase además: Base de datos JSTOR</a> |
| 942 ## - ELEMENTOS DE KOHA | |
| Tipo de documento | Libro |
| Nombre del creador | Justo Noguera |
| Código de catalogador | Margarita Torres |
| Suppress in OPAC | No |
| Esquema de clasificación | Dewey Decimal Classification |
| Codigo completo | Registro | Colección | Copia número | Disponibilidad | Tipo de préstamo | Biblioteca Actual | Procedencia (Biblioteca) | Ubicacón | Fecha Ingreso | Tipo de Adquisición | Observación | Date last seen | Total checkouts | Price effective from | Tipo de Item | Estado del Material | Fuente de Clasificación | Damaged status | Withdrawn status |
|---|---|---|---|---|---|---|---|---|---|---|---|---|---|---|---|---|---|---|---|
| 241.2 C262 | 1088244 | Universidad Católica San Pablo | 1 | No disponible | Proceso | Víctor Andrés Belaunde | Víctor Andrés Belaunde | Planta baja abierta | 30/03/2026 | Compra | Derecho | 30/03/2026 | 30/03/2026 | Libro | Bueno | Dewey Decimal Classification | Withdrawn |




